000 00257nam a2200097Ia 4500
001 1206627
005 20251015093458.0
008 250824s9999 xx 000 0 und d
245 0 _aDAMDAN DÜŞEN PSİKOLOG
_cDOĞAN CÜCELOĞLU
260 _bREMZİ KİTABEVİ
999 _c1206627
_d1206627